000 00639nam a2200229 i 4500
001 C2-0222170
003 PPAK
005 20180728151506.0
008 991214s1962 io |||| ||||| | may d
040 _aPPAK
_beng
_cPPAK
_erda
082 0 4 _a899.23301
_223
090 0 0 _a899.23301
_bTIT
_dKSA
100 0 _aTitie Said,
_eauthor
245 1 0 _aPerdjuangan dan hati perempuan
264 1 _aBukit Tinggi, Djakarta, Indonesia :
_bDjakarta ,
_c1962
300 _a119 pages ;
_c15 cm
336 _2rdacontent
_atext
337 _2rdamedia
_aunmediated
338 _2rdacarrier
_avolume
650 1 0 _aShort stories - Malay
942 _ddc
_cB
999 _c143623
_d143623